AH International Schools' Libraries

Counting Rhymes/ (Record no. 49752)

MARC details
000 -LEADER
fixed length control field 00344nam a2200121 4500
020 ## - INTERNATIONAL STANDARD BOOK NUMBER
International Standard Book Number 9780751350838
100 ## - MAIN ENTRY--PERSONAL NAME
Personal name McKellar, Shona,
Relator term author.
9 (RLIN) 69365
245 ## - TITLE STATEMENT
Title Counting Rhymes/
Statement of responsibility, etc by Shona McKellar.
260 ## - PUBLICATION, DISTRIBUTION, ETC. (IMPRINT)
Place of publication, distribution, etc London ; New York
Date of publication, distribution, etc 1993.
Name of publisher, distributor, etc Dorling Kindersley;
650 ## - SUBJECT ADDED ENTRY--TOPICAL TERM
9 (RLIN) 57609
Topical term or geographic name as entry element Numbers.
650 ## - SUBJECT ADDED ENTRY--TOPICAL TERM
9 (RLIN) 34241
Topical term or geographic name as entry element Mathematics.
942 ## - ADDED ENTRY ELEMENTS (KOHA)
Koha item type Book
Source of classification or shelving scheme
Holdings
Withdrawn status Lost status Source of classification or shelving scheme Damaged status Not for loan Home library Current library Date acquired Total Checkouts Full call number Barcode Date last seen Date checked out Price effective from Koha item type
          Logos International School Logos International School 11/13/2025 1 J 513.211 MCK 041954 03/16/2026 03/09/2026 11/13/2025 Book

For any Logos Library related questions please contact Miss Art at swongnarasuk@asianhope.org.

For any Asian Hope Library related questions please contact Miss Raza at graza@asianhope.org.

Powered by Koha